Untangling the Web: (Record no. 83411)
[ view plain ]
| 000 -LEADER | |
|---|---|
| fixed length control field | 00403nam a22001457a 4500 |
| 003 - CONTROL NUMBER IDENTIFIER | |
| control field | URS |
| 005 - DATE AND TIME OF LATEST TRANSACTION | |
| control field | 20250703090937.0 |
| 040 ## - CATALOGING SOURCE | |
| Transcribing agency | URS |
| 050 ## - LIBRARY OF CONGRESS CALL NUMBER | |
| Classification number | LB 1044.87 D45 2013 |
| 100 ## - MAIN ENTRY--PERSONAL NAME | |
| Personal name | Dembo, Steven |
| Relator term | Author |
| 245 ## - TITLE STATEMENT | |
| Title | Untangling the Web: |
| Remainder of title | 20 Tools to Power Up Your Teaching |
| 260 ## - PUBLICATION, DISTRIBUTION, ETC. | |
| Place of publication, distribution, etc. | Thousand Oaks, CA: |
| Name of publisher, distributor, etc. | Corwin Press (SAGE imprint) |
| Date of publication, distribution, etc. | [2013] |
| 700 ## - ADDED ENTRY--PERSONAL NAME | |
| Personal name | Bellow, Adam |
| Relator term | Author |
| 942 ## - ADDED ENTRY ELEMENTS (KOHA) | |
| Source of classification or shelving scheme | Library of Congress Classification |
| Koha item type | Foreign Books |
| Withdrawn status | Source of classification or shelving scheme | Damaged status | Not for loan | Collection code | Home library | Current library | Date acquired | Total Checkouts | Full call number | Barcode | Date last seen | Price effective from | Koha item type |
|---|---|---|---|---|---|---|---|---|---|---|---|---|---|
| Library of Congress Classification | Non-fiction | Binangonan College Library | Binangonan College Library | 07/03/2025 | LB 1044.87 D45 2013 | URSBIN-03144 | 07/03/2025 | 07/03/2025 | Foreign Books |